Normal view
MARC view
- Tsionas, Mike.
Entry Personal Name
001 - CONTROL NUMBER
- control field: 46492
003 - CONTROL NUMBER IDENTIFIER
- control field: OSt
005 - DATE AND TIME OF LATEST TRANSACTION
- control field: 20221024085200.0
008 - FIXED-LENGTH DATA ELEMENTS
- fixed length control field: 221024|| aca||aabn | a|a d
040 ## - CATALOGING SOURCE
- Original cataloging agency: OSt
- Transcribing agency: OSt
100 ## - HEADING--PERSONAL NAME
- Personal name: Tsionas, Mike.
- Relator term: author.
670 ## - SOURCE DATA FOUND
- Source citation: Work cat.: (OSt): Assaf, A. George. author. 46491, Non-parametric regression for hypothesis testing in hospitality and tourism research /, ©January 2019.
